000 00580nam a2200205 u 4500
005 20241129063739.0
008 150126s1993 r 000 0 eng d
020 _a8426119921
035 _aUPN01000201457
049 _aI
050 4 _aPZ76.3
_bC5.64 1993
100 1 _aClaret, María
_935555
245 1 3 _aEl conejo de chocolate /
_cMaría Claret.
260 _aBarcelona, Esp. :
_bJuventud,
_c1993.
300 _a[28] p. :
_bil.
440 0 _aCuadrada
650 4 _aConejos
_vCuentos y leyendas
_922085
650 4 _aLibros y lectura para niños
_92290
905 _aInfantil
999 _c173558
_d173558